| 000 -LEADER |
| fixed length control field |
00473nam a22001577a 4500 |
| 003 - CONTROL NUMBER IDENTIFIER |
| control field |
OSt |
| 005 - DATE AND TIME OF LATEST TRANSACTION |
| control field |
20200601122751.0 |
| 008 - FIXED-LENGTH DATA ELEMENTS--GENERAL INFORMATION |
| fixed length control field |
200601b ||||| |||| 00| 0 eng d |
| 020 ## - INTERNATIONAL STANDARD BOOK NUMBER |
| International Standard Book Number |
9789774249228 |
| 082 ## - DEWEY DECIMAL CLASSIFICATION NUMBER |
| Classification number |
709.1767 |
| Item number |
HIL |
| 100 ## - MAIN ENTRY--PERSONAL NAME |
| Personal name |
Hillenbrand, Robert |
| 110 ## - MAIN ENTRY--CORPORATE NAME |
| Corporate name or jurisdiction name as entry element |
O'Kane, Bernard(editor) |
| 245 ## - TITLE STATEMENT |
| Title |
The iconography of Islamic art : studies in honour of Robert Hillenbrand |
| 260 ## - PUBLICATION, DISTRIBUTION, ETC. (IMPRINT) |
| Place of publication, distribution, etc |
Germany |
| Name of publisher, distributor, etc |
American University in Cairo Press January |
| Date of publication, distribution, etc |
2005 |
| 942 ## - ADDED ENTRY ELEMENTS (KOHA) |
| Source of classification or shelving scheme |
|